Ordenamiento constitucional : constitución política de la república /

Detalles Bibliográficos
Autor principal: Soto Kloss, Eduardo
Formato: Libro
Lenguaje:inglés
Publicado: Santiago, Chile Jurídica 1980
Edición:1a.ed.
Materias:

MARC

LEADER 00000cam a2200000 a 4500
001 011109
003 UAHC_CL
005 20170803120738.0
008 010822b xx j 000 1 eng
040 |a UAHC_CL  |c UAHC_CL  |d UAHC_CL 
082 0 4 |a 340.01 CH535 
100 1 |a Soto Kloss, Eduardo 
245 1 0 |a Ordenamiento constitucional :  |b constitución política de la república /  |c Eduardo Soto K. 
250 |a 1a.ed. 
260 |b Jurídica  |c 1980  |a Santiago, Chile 
300 |a 514 p. 
650 4 |a DERECHO CONSTITUCIONAL 
650 4 |a CONSTITUCION  |z CHILE 
900 |a 340.01 SOT 
942 |c BK 
952 |0 0  |1 0  |4 0  |6 340_010000000000000_SOT  |7 0  |8 General  |9 22529  |a BC  |b BC  |c General  |d 2017-08-03  |l 0  |o 340.01 SOT  |p 1307397  |r 2026-01-13 00:00:00  |t 1  |w 2017-08-03  |y BK 
999 |c 11109  |d 11109